000 00683nam a2200229 a 4500
001 69964
003 BD-RjUL
005 20211209081941.0
008 170415s1987 nyua b 001 0 eng d
020 _a0070694982 :
_c$24.95
035 _a(BD-RjUL)70176
040 _aDLC
_cDLC
_dBD-RjUL
_beng
041 _aeng
082 0 0 _a543
_223
_bWEE 1987
100 1 _aWest, C. David.
_9207236
245 1 0 _aEssentials of quantitative analysis /
_cC. David West.
260 _aNew York :
_bMcGraw-Hill Book Co.,
_cc1987.
300 _axx, 458 p. :
_bill. ;
_c25 cm.
504 _aIncludes bibliographies and index.
650 0 _aChemistry, Analytic
_xQuantitative.
_9117700
942 _2ddc
_cBK
999 _c69964
_d69964